| 000 | 00646nam a2200205 a 4500 | ||
|---|---|---|---|
| 005 | 20140310183611.0 | ||
| 008 | 120828s19uu xx 00 eng d | ||
| 020 | _a9780071318198 | ||
| 050 |
_aHF 5549 _b.C2975 2013 |
||
| 100 | _aCascio, Wayne F. | ||
| 245 |
_aManaging human resources : _bproductivity, quality of work life, profits / _cWayne F. Cascio. |
||
| 250 | _a9th ed. | ||
| 260 |
_aNew York, NY : _bMcGraw-Hill/Irwin, _c2013. |
||
| 300 |
_a736 p. : _bill. col. ; _c27 cm. |
||
| 500 | _aIncludes bibliographical references and index | ||
| 521 | _aBSBA | ||
| 650 | _aPersonnel management | ||
| 942 |
_cBK _2lcc _kFOR |
||
| 999 |
_c25238 _d25238 |
||